| 000 | 03450cam a22012494i 4500 | ||
|---|---|---|---|
| 003 | PE-LiUPU | ||
| 005 | 20250813185623.0 | ||
| 008 | 150706s2012 pe a rb 000 0 spa d | ||
| 020 | _a9786124118203 | ||
| 035 | _a(Sirsi) i9786124118203 | ||
| 040 |
_aPE-LiUPU _bspa _cPE-LiUPU _erda |
||
| 049 | _aPRUA | ||
| 082 | 0 | 4 |
_a353.541 _bM1 _221 |
| 082 | 0 | 4 |
_a353.541 _bM1 2012 |
| 110 | 2 | _aRevista Actualidad Gubernamental. | |
| 245 | 1 | 0 |
_aMAGU-manual de auditoría gubernamental / _cStaff de la Revista Actualidad gubernamental. |
| 250 | _aPriemara edición. | ||
| 264 | 1 |
_aLima : _bPacífico Editores, _c2012. |
|
| 300 |
_a301 páginas ; _c24 centimetros |
||
| 336 |
_atext _2rdacontent |
||
| 337 |
_aunmediated _2rdamedia |
||
| 338 |
_avolume _2rdacarrier |
||
| 504 | _aIncluye bibliografía. | ||
| 505 | 0 | _aEstructura del Manual de Auditoria gubernamental -- Organización de las MAGU -- Aprueban Manual, Guías de planeamiento y elaboración del informe de Auditoria Gubernamental y las Guías de papeles de trabajo y del auditado (MAGU Resolución de contraloría N°152-98-CG) -- Criterios básicos de la Auditoría Gubernamental -- Auditoría financiera -- Auditoría de gestión -- Examen especial. | |
| 526 | _aP202 | ||
| 526 | _aP201 | ||
| 526 | _aP163 | ||
| 526 | _aP162 | ||
| 526 | _aP161 | ||
| 526 | _aP160 | ||
| 526 | _aP148 | ||
| 526 | _aP147 | ||
| 526 | _aP146 | ||
| 526 | _aP145 | ||
| 526 | _aP144 | ||
| 526 | _aP143 | ||
| 526 | _aP142 | ||
| 526 | _aP141 | ||
| 526 | _aP140 | ||
| 526 | _aP139 | ||
| 526 | _aP138 | ||
| 526 | _aP137 | ||
| 526 | _aP136 | ||
| 526 | _aP135 | ||
| 526 | _aP134 | ||
| 526 | _aP133 | ||
| 526 | _aP129 | ||
| 526 | _aP128 | ||
| 526 | _aP127 | ||
| 526 | _aP120 | ||
| 526 | _aP119 | ||
| 526 | _aP118 | ||
| 526 | _aP116 | ||
| 526 | _aP115 | ||
| 526 | _aP114 | ||
| 526 | _aP110 | ||
| 526 | _aP109 | ||
| 526 | _aP108 | ||
| 526 | _aP104 | ||
| 526 | _aP103 | ||
| 526 | _aP102 | ||
| 526 | _aP99 | ||
| 526 | _aP98 | ||
| 526 | _aP97 | ||
| 526 | _aP96 | ||
| 526 | _aP95 | ||
| 526 | _aP93 | ||
| 526 | _aP90 | ||
| 526 | _aP89 | ||
| 526 | _aP88 | ||
| 526 | _aP83 | ||
| 526 | _aP82 | ||
| 526 | _aP62 | ||
| 526 | _aP59 | ||
| 526 | _aP58 | ||
| 526 | _aP57 | ||
| 526 | _aP51 | ||
| 526 | _aP49 | ||
| 526 | _aP48 | ||
| 526 | _aP47 | ||
| 526 | _aP29 | ||
| 526 | _aP24 | ||
| 526 | _aP20 | ||
| 526 | _aP19 | ||
| 526 | _aP17 | ||
| 526 | _aP15 | ||
| 526 | _aP14 | ||
| 526 | _aP12 | ||
| 526 | _aP10 | ||
| 526 | _aP09 | ||
| 526 | _aP08 | ||
| 526 | _aP07 | ||
| 526 | _aP06 | ||
| 526 | _aP05 | ||
| 526 | _aP04 | ||
| 526 | _aP01 | ||
| 650 | 0 | 4 |
_aAuditoría gubernamental _xLegislación _zPerú. |
| 650 | 0 | 4 |
_aAuditoría gubernamental _zPerú. |
| 910 | _agl | ||
| 942 |
_2ddc _cBK |
||
| 949 |
_a353.541 M1 _wDEWEY _c1 _i67844 _lCCODEBUL1 _mBUL _p20.00 _r0 _sY _tBOOK _u2015-7-6 _xFCE _o.STAFF. Colección General |
||
| 949 |
_a353.541 M1 2012 _wDEWEY _c1 _iFJ04518 _lCCODEBUJ1 _mBUJ _p20.00 _r0 _sY _tBOOK _u2016-11-25 _xFCE _0COMPRA _o.STAFF. Colección General Juliaca |
||
| 949 |
_a353.541 M1 2012 _wDEWEY _c2 _iFJ04519 _lCCODEBUJ1 _mBUJ _p20.00 _r0 _sY _tBOOK _u2016-11-25 _xFCE _0COMPRA _o.STAFF. Colección General Juliaca |
||
| 999 |
_c55362 _d55362 |
||
| 980 |
_81 _gALBERTO SANCHEZ Responsable de Automatización |
||